Parish of Lilley Hertfordshire (Record no. 104201)
[ view plain ]
| 000 -LEADER | |
|---|---|
| fixed length control field | 00555ctm a22001815a 4500 |
| 001 - CONTROL NUMBER | |
| control field | L129464 |
| 008 - FIXED-LENGTH DATA ELEMENTS--GENERAL INFORMATION | |
| fixed length control field | 050420s1845 000 0 eng u |
| 035 ## - SYSTEM CONTROL NUMBER | |
| System control number | (Sirsi) u129464 |
| 041 ## - LANGUAGE CODE | |
| Language code of text/sound track or separate title | eng |
| 245 00 - TITLE STATEMENT | |
| Title | Parish of Lilley Hertfordshire |
| Remainder of title | August 1845 |
| 260 ## - PUBLICATION, DISTRIBUTION, ETC. | |
| Date of publication, distribution, etc. | 1845 |
| 300 ## - PHYSICAL DESCRIPTION | |
| Extent | 1 v. |
| Other physical details | manuscript |
| Dimensions | 40cm. |
| 520 ## - SUMMARY, ETC. | |
| Summary, etc. | Detailed record of the tithes of the parish of Lilley in Hertforshire for August 1845. |
| 583 ## - ACTION NOTE | |
| Action | Condition reviewed |
| Time/date of action | 20120620 |
| Status | Condition level 4 |
| 651 #4 - SUBJECT ADDED ENTRY--GEOGRAPHIC NAME | |
| Geographic name | Hertfordshire |
| 690 ## - LOCAL SUBJECT ADDED ENTRY--TOPICAL TERM (OCLC, RLIN) | |
| Topical term or geographic name as entry element | Finance and taxation |
| 942 ## - ADDED ENTRY ELEMENTS (KOHA) | |
| Suppress in OPAC | 0 |
| Withdrawn status | Lost status | Source of classification or shelving scheme | Damaged status | Not for loan | Home library | Current library | Shelving location | Date acquired | Total Checkouts | Full call number | Barcode | Date last seen | Copy number | Price effective from | Koha item type |
|---|---|---|---|---|---|---|---|---|---|---|---|---|---|---|---|
| Dewey Decimal Classification | Historic collection | Historic collection | Historic collection | 20/04/2005 | FOLIO 1845 PARISH | 30077542 | 06/08/2019 | 1 | 06/08/2019 | Reference material |